<?xml version="1.0" encoding="UTF-8"?>
<record
    xmlns:xsi="http://www.w3.org/2001/XMLSchema-instance"
    xsi:schemaLocation="http://www.loc.gov/MARC21/slim http://www.loc.gov/standards/marcxml/schema/MARC21slim.xsd"
    xmlns="http://www.loc.gov/MARC21/slim">

  <leader>02993cam a2200133   4500500</leader>
  <controlfield tag="005">20260517001734.0</controlfield>
  <datafield tag="041" ind1=" " ind2=" ">
    <subfield code="a">fre</subfield>
  </datafield>
  <datafield tag="042" ind1=" " ind2=" ">
    <subfield code="a">dc</subfield>
  </datafield>
  <datafield tag="100" ind1="1" ind2="0">
    <subfield code="a">Sy-Wonyu, A&#xEF;ssatou</subfield>
    <subfield code="e">author</subfield>
  </datafield>
  <datafield tag="245" ind1="0" ind2="0">
    <subfield code="a">Les &#xC9;tats-Unis et le monde au 19e si&#xE8;cle</subfield>
  </datafield>
  <datafield tag="260" ind1=" " ind2=" ">
    <subfield code="b">Armand Colin,
									</subfield>
    <subfield code="c">2004.
										</subfield>
  </datafield>
  <datafield tag="520" ind1=" " ind2=" ">
    <subfield code="a">Cet ouvrage couvre une p&#xE9;riode souvent d&#xE9;laiss&#xE9;e par les ouvrages portant sur l'histoire des &#xC9;tats-Unis. Il s'appuie sur l'historiographie am&#xE9;ricaine et europ&#xE9;enne actuelle pour pr&#xE9;senter la nature, les modalit&#xE9;s et les contraintes de l'insertion des &#xC9;tats-Unis dans les relations internationales de l'ind&#xE9;pendance &#xE0; la fin du 19e si&#xE8;cle, lorsque la guerre contre l'Espagne de 1898 les place d&#xE9;finitivement dans le premier cercle des puissances occidentales. Il replace dans leur contexte d'&#xE9;mergence les fondements id&#xE9;ologiques de la politique &#xE9;trang&#xE8;re am&#xE9;ricaine ainsi que les notions d'isolement et d'isolationnisme, d'interventionnisme et de panam&#xE9;ricanisme, d'imp&#xE9;rialisme et de messianisme. La p&#xE9;riode, riche en &#xE9;v&#xE9;nements, crises et contradictions, est analys&#xE9;e comme un tout ayant ses propres logiques. Les notions-cl&#xE9;s sont la construction et la consolidation, dans tous les domaines (politique, g&#xE9;ographique, &#xE9;conomique, d&#xE9;mographique, culturel), y compris celui de la politique &#xE9;trang&#xE8;re. Parmi les diverses lectures que l'on peut faire de ce si&#xE8;cle, l'une met en lumi&#xE8;re la pr&#xE9;dominance des relations avec la Grande-Bretagne, l'ancienne puissance colonisatrice, qui domine toujours &#xE9;conomiquement et culturellement : deux guerres, de nombreuses quasi-guerres, suivies de p&#xE9;riodes de rapprochement fragile qui posent les jalons de la lente construction de rapports de confiance et de respect mutuel. Une autre lecture montre que ce 19e si&#xE8;cle est aussi celui d'une tentative d'&#xE9;loignement de la zone atlantique et de l'Europe par le fait de l'expansion vers l'Ouest, de l'enracinement dans l'H&#xE9;misph&#xE8;re occidental et de l'ouverture sur l'Extr&#xEA;me-Orient. S'il est vrai que le 19e si&#xE8;cle est &#xAB; pr&#xE9;paratoire &#xBB; &#xE0; l'explosion diplomatique de la superpuissance du 20e, il r&#xE9;v&#xE8;le aussi des conflits id&#xE9;ologiques entre deux grands courants de pens&#xE9;e, l'internationalisme et l'isolationnisme, qui traversent le 20e si&#xE8;cle et commandent encore aujourd'hui, en partie, les activit&#xE9;s internationales des &#xC9;tats-Unis. A&#xEF;ssatou SY-WONYU, ancienne &#xE9;l&#xE8;ve de l'&#xC9;cole normale sup&#xE9;rieure, agr&#xE9;g&#xE9;e d'anglais, dipl&#xF4;m&#xE9;e de relations internationales de l'Institut d'&#xC9;tudes Politiques de Paris, docteur &#xE8;s lettres, est ma&#xEE;tre de conf&#xE9;rences &#xE0; l'universit&#xE9; de Rouen. Sp&#xE9;cialiste de l'histoire des &#xC9;tats-Unis, elle effectue ses recherches actuelles sur la politique &#xE9;trang&#xE8;re des &#xC9;tats-Unis au 19e si&#xE8;cle, notamment sur la gen&#xE8;se d'une nouvelle id&#xE9;ologie imp&#xE9;rialiste dans la seconde moiti&#xE9; du si&#xE8;cle.</subfield>
  </datafield>
  <datafield tag="856" ind1="4" ind2="1">
    <subfield code="u">https://shs.cairn.info/les-etats-unis-et-le-monde-au-19e-siecle--9782200266929?lang=fr&amp;redirect-ssocas=7080</subfield>
  </datafield>
  <datafield tag="999" ind1=" " ind2=" ">
    <subfield code="c">2236097</subfield>
    <subfield code="d">2236097</subfield>
  </datafield>
</record>
